书目信息 |
| 题名: |
食用豆类加工与利用
|
|
| 作者: | 周显青 主编 | |
| 分册: | ||
| 出版信息: | 北京 化学工业出版社 2003 |
|
| 页数: | 318页 | |
| 开本: | 21cm | |
| 丛书名: | 农产品现代加工技术丛书 | |
| 单 册: | ||
| 中图分类: | TS214.9 | |
| 科图分类: | ||
| 主题词: | 豆制食品--食品加工 , 豆制食品--综合利用 , 豆制食品 , 食品加工 , 综合利用 | |
| 电子资源: | ||
| ISBN: | 7-5025-4079-2 | |
| 000 | 01053oam2 2200301 450 | |
| 001 | 012007430906 | |
| 005 | 20070522164643.00 | |
| 010 | @a7-5025-4079-2@dCNY26.00 | |
| 100 | @a20070515d2003 km y0chiy0120 ea | |
| 101 | 0 | @achi |
| 102 | @aCN@b110000 | |
| 105 | @ay z 000yy | |
| 106 | @ar | |
| 200 | 1 | @a食用豆类加工与利用@Ashi yong dou lei jia gong yu li yong@f周显青主编@Fzhou xian qing zhu bian |
| 210 | @a北京@c化学工业出版社@d2003 | |
| 215 | @a318页@d21cm | |
| 225 | 2 | @a农产品现代加工技术丛书 |
| 330 | @a本书分六章,阐述了除大豆以外,其余19种食用豆类作物的植物学特性、品质特性及化学与营养学特性等基础理论,并结合国情介绍了食用豆类淀粉、蛋白质及食品加工与综合利用的新工艺、新设备、以及加工过程中质量控制与产品检验等内容。 | |
| 461 | 0 | @12001 @a农产品现代加工技术丛书 |
| 606 | 0 | @a豆制食品@x食品加工 |
| 606 | 0 | @a豆制食品@x综合利用 |
| 606 | 0 | @a豆制食品 |
| 606 | 0 | @a食品加工 |
| 606 | 0 | @a综合利用 |
| 690 | @aTS214.9@v4 | |
| 701 | 0 | @a周显青@Azhou xian qing@4主编 |
| 801 | 0 | @aCN@bRULIN@c20070522 |
| 905 | @dTS214.9@e78@s10 | |
| 食用豆类加工与利用/周显青主编.-北京:化学工业出版社,2003 |
| 318页;21cm.-(农产品现代加工技术丛书) |
| ISBN 7-5025-4079-2:CNY26.00 |
| 本书分六章,阐述了除大豆以外,其余19种食用豆类作物的植物学特性、品质特性及化学与营养学特性等基础理论,并结合国情介绍了食用豆类淀粉、蛋白质及食品加工与综合利用的新工艺、新设备、以及加工过程中质量控制与产品检验等内容。 |
| ● |
| 相关链接 |
|
|
|
|
正题名:食用豆类加工与利用
索取号:TS214.9/78
 
预约/预借
| 序号 | 登录号 | 条形码 | 馆藏地/架位号 | 状态 | 备注 |
| 1 | 0579145 | 205791455 | 第二样本阅览室/ [索取号:TS214.9/78] | 在馆 | |
| 2 | 0579146 | 205791464 | 第三借阅区/ [索取号:TS214.9/78] | 在馆 | |
| 3 | 0579147 | 205791473 | 第三借阅区/ [索取号:TS214.9/78] | 在馆 | |
| 4 | 0579148 | 205791482 | 第三借阅区/ [索取号:TS214.9/78] | 在馆 | |
| 5 | 0579149 | 205791491 | 第三借阅区/ [索取号:TS214.9/78] | 在馆 | |
| 6 | 0579150 | 205791507 | 第三借阅区/ [索取号:TS214.9/78] | 在馆 | |
| 7 | 0579151 | 205791516 | 第三借阅区/ [索取号:TS214.9/78] | 在馆 | |
| 8 | 0579152 | 205791525 | 第三借阅区/ [索取号:TS214.9/78] | 在馆 | |
| 9 | 0579153 | 205791534 | 第三借阅区/ [索取号:TS214.9/78] | 在馆 | |
| 10 | 0579154 | 205791543 | 第三借阅区/ [索取号:TS214.9/78] | 在馆 |